000 00305nam a22001337a 4500
999 _c529724
_d529724
003 NUST
038 _aMSOHAIL
082 _a0
100 _aGerald A Huber
_922350
245 _aMethods to Achieve Rut-Resistant Durable Pavements
260 _aWashington
_bTRB
300 _a61,p;
_c28cm
942 _2ddc
_cBK